| Поле | Инд. | ПП | Название | Значение |
|---|---|---|---|---|
| Тип записи | a | |||
| Библиографический уровень | m | |||
| 001 | Контрольный номер | RU/IS/BASE/263562545 | ||
| 005 | Дата корректировки | 20250328152706.6 | ||
| 008 | Кодируемые данные | 19950623 | ||
| 040 | 00 | e | Правила каталог. | Л 950623 |
| 084 | a | Индекс другой классификации/Индекс ББК | 84(4Вел)6; 84(4Вел)6-44 | |
| 090 | 00 | a | Полочн. индекс | 84(4Вел)6 |
| x | Авторский знак | Г 201 | ||
| 097 | 00 | a | 210 | |
| 100 | 10 | a | Автор | Гарди Т. |
| d | Даты | 1840-1928 | ||
| q | Полное имя | Гарди Томас | ||
| u | Дополнение к имени | Харди Т. | ||
| 245 | 00 | a | Заглавие | Повести и рассказы |
| c | Ответственность | перевод с английского под редакцией О. Холмской; редактор Н. Дынник; вступительная статья И. Канторовича; художник Л. Зусман | ||
| 260 | 00 | a | Место издания | Москва |
| b | Издательство | Художественная литература | ||
| c | Дата издания | 1959 | ||
| 300 | 00 | a | Объем | 367 с. |
| b | Иллюстрации/ тип воспроизводства | ил. | ||
| 336 | a | Термин вида содержания | Текст | |
| 337 | a | Термин типа средства | непосредственный | |
| 505 | 0_ | a | Форматированное содержание | Тони Кайтс, архиплут |
| 505 | 0_ | a | Форматированное содержание | История Хардкомов |
| 505 | 0_ | a | Форматированное содержание | Рассказ суеверного человека |
| 505 | 0_ | a | Форматированное содержание | Чудная свадьба |
| 505 | 0_ | a | Форматированное содержание | Старый Эндри в роли музыканта |
| 505 | 0_ | a | Форматированное содержание | Дьявол на хорах |
| 505 | 0_ | a | Форматированное содержание | Уинтеры и Палмли |
| 505 | 0_ | a | Форматированное содержание | Случай из жизни мистера Джорджа Крукхилла |
| 505 | 0_ | a | Форматированное содержание | Хитрость Нетти Сарджент |
| 505 | 0_ | a | Форматированное содержание | Проповедник в затруднении |
| 505 | 0_ | a | Форматированное содержание | Три незнакомца |
| 505 | 0_ | a | Форматированное содержание | Грустный гусар из немецкого легиона |
| 505 | 0_ | a | Форматированное содержание | Сухая рука |
| 505 | 0_ | a | Форматированное содержание | Герцогиня Гемптонширская |
| 505 | 0_ | a | Форматированное содержание | Маркиза Стонэндж |
| 505 | 0_ | a | Форматированное содержание | Леди Моттисфонт |
| 505 | 0_ | a | Форматированное содержание | Запрет сына |
| 505 | 0_ | a | Форматированное содержание | В Западном судебном округе |
| 505 | 0_ | a | Форматированное содержание | В угоду жене |
| 505 | 0_ | a | Форматированное содержание | Трагедия двух честолюбий |
| 505 | 0_ | a | Форматированное содержание | Могила на распутье |
| 650 | 04 | a | Основная рубрика | художественная литература |
| 653 | 00 | a | Ключевые слова | XIX век |
| a | Ключевые слова | XX век | ||
| a | Ключевые слова | английская литература | ||
| a | Ключевые слова | Великобритания | ||
| 655 | 00 | a | Жанр/ форма (устаревшее) | проза |
| a | Жанр/ форма (устаревшее) | повесть | ||
| a | Жанр/ форма (устаревшее) | рассказ | ||
| 700 | 10 | a | Автор | Холмская О. |
| e | Роль лиц | редактор; переводчик; составитель | ||
| 700 | 1_ | a | Автор | Канторович И. |
| e | Роль лиц | автор комментариев | ||
| 700 | 1_ | a | Автор | Дынник Н. |
| e | Роль лиц | редактор | ||
| 700 | 1_ | a | Автор | Зусман Л. |
| e | Роль лиц | художник | ||
| 901 | t | Тип документа | m | |
| 952 | a | Тип литературы для КСУ ВШ | ЛХИ | |
| 990 | 00 | j | Количество экземпляров (DOS) | 1 |